| 000 | 02186nam a2200457Ii 4500 | ||
|---|---|---|---|
| 001 | DIGMECD0037 | ||
| 003 | NyNyDIG | ||
| 008 | 140819s2011 sp a ob 000 0 spa d | ||
| 006 | m o d | ||
| 007 | cr ||||||||||| | ||
| 040 |
_aDGITA _beng _erda _epn _cDGITA |
||
| 020 |
_a9788436950755 _q(eBook) |
||
| 020 |
_a8436950755 _q(eBook) |
||
| 020 | _z8436941357 | ||
| 020 | _z9788436941357 | ||
| 024 | 7 |
_a820-11-184-8 _2nipo |
|
| 024 | 7 |
_a10.4438/978-84-369-5075-5 _2doi |
|
| 035 | _a(OCoLC)797846553 | ||
| 050 | 1 | 4 | _aCD973.2 eBook |
| 245 | 0 | 0 |
_aInvestigación analítica sobre redes multimedia de distribución y acceso de archivos audiovisuales educativos y culturales / _cDirección del Informe: Gerardo Ojeda-Castañeda. |
| 264 | 1 |
_aMadrid : _bInstituto de Tecnologías Educativas (ITE), Ministerio de Educación, _c2011. |
|
| 264 | 3 |
_a[Madrid] : _bSecretaría General Técnica, Subdirección General de Documentación y Publicaciones |
|
| 300 |
_a1 online resource (154 pages) : _billustrations. |
||
| 336 |
_atext _btxt _2rdacontent |
||
| 337 |
_acomputer _bc _2rdamedia |
||
| 338 |
_aonline resource _bcr _2rdacarrier |
||
| 490 | 1 |
_aSerie Informes ; _v13 |
|
| 504 | _aIncludes bibliographical references. | ||
| 588 | 0 | _aOnline resource; title from ePub and PDF title page (Digitalia, viewed Aug. 22, 2014) | |
| 650 | 0 |
_aMultimedia communications _xComputer networks. |
|
| 650 | 0 |
_aAudio-visual archives _xComputer networks. |
|
| 655 | 0 | _aElectronic books. | |
| 700 | 1 |
_aOjeda Castañeda, Gerardo, _eeditor. |
|
| 791 | 2 |
_aDigitalia (Firm), _edistributor. |
|
| 793 | 0 |
_gDigitalia eBook Collection: _aMinisterio de Educación, Cultura y Deporte de España |
|
| 776 | 0 | 8 |
_iPrint version: _aOjeda Castañeda, Gerardo. _tInvestigación analítica sobre redes multimedia de distribución y acceso de archivos audiovisuales educativos y culturales. _d[Madrid] : Centro Nacional de Información y Comunicación Educativa, [2005] _z8436941357 |
| 830 | 0 |
_aSerie Informes (Instituto de Tecnologías Educativas (Spain)) ; _vno. 13. |
|
| 856 | 4 | 0 |
_3Digitalia Hispánica _uhttps://www.digitaliapublishing.com/a/14764/ |
| 910 | _aPremium Collection: 2014 | ||
| 942 | _cRAA | ||
| 999 |
_c233719 _d233719 |
||